Countries Taking The Most Russian Fugitives - Statistics

General Stats
  • This quiz has been taken 50 times
  • The average score is 14 of 20
Answer Stats
Russians Country % Correct
7,500 United States
95%
8,000 China
92%
70,000 Armenia
87%
42,100 Belarus
87%
69,300 Kazakhstan
87%
28,500 Tajikistan
87%
35,000 Kyrgyzstan
84%
51,500 Georgia
82%
104,450 Turkey
82%
31,340 Uzbekistan
82%
25,480 Azerbaijan
79%
15,830 Turkmenistan
76%
20,000 Moldova
63%
13,500 Brazil
58%
39,850 Argentina
55%
98,800 Serbia
55%
30,000 Israel
45%
10,890 Thailand
32%
8,200 Indonesia
29%
6,190 Vietnam
21%
No matching quizzes found
Score Distribution
Percent of People with Each Score
Percentile by Number Answered
Your Score History
You have not taken this quiz